000 00309nam a2200121Ia 4500
008 220216s9999 xx 000 0 und d
100 _aWan Abdul Rahman etc
245 0 _aRubber growing : The modern way
260 _bRubber Board Bulletin
_c1985
300 _a13-18
650 _aRubber growing
942 _cJS
999 _c67632
_d67632